[Event "Udaipur Lakecity op 3rd"]
[Site "Udaipur"]
[Date "2019.03.30"]
[Round "6"]
[White "Pingale, Shivraj Jaywant"]
[Black "Joshi, GB."]
[Result "1/2-1/2"]
[WhiteElo "1600"]
[BlackElo "2128"]
[PlyCount "45"]
[EventDate "2019.03.28"]
[EventType "swiss"]
[EventRounds "8"]
[EventCountry "IND"]
[SourceTitle "CBM 189 Extra"]
[Source "ChessBase"]
[SourceDate "2019.06.03"]
[SourceVersion "1"]
[SourceVersionDate "2019.06.03"]
[SourceQuality "1"]

1. e4 c5 2. f4 g6 3. Nf3 Bg7 4. Nc3 Nc6 5. d3 d6 6. g3 Rb8 7. Bg2 b5 8. 0-0 Bd7 9. h3 b4 10. Nd5 Nf6 11. Ne3 a5 12. g4 a4 13. e5 Ng8 14. exd6 exd6 15. Nc4 Qc7 16. f5 d5 17. Ne3 Nce7 18. Qe2 Kf8 19. Ng5 Nf6 20. fxg6 hxg6 21. Nxf7 Kxf7 22. Nxd5 Bxg4 23. Qxg4 1/2-1/2

[Event "Udaipur Lakecity op 3rd"]
[Site "Udaipur"]
[Date "2019.03.28"]
[Round "2"]
[White "Adalja, Vanssh A"]
[Black "Joshi, GB."]
[Result "1/2-1/2"]
[WhiteElo "1502"]
[BlackElo "2128"]
[PlyCount "60"]
[EventDate "2019.03.28"]
[EventType "swiss"]
[EventRounds "8"]
[EventCountry "IND"]
[SourceTitle "CBM 189 Extra"]
[Source "ChessBase"]
[SourceDate "2019.06.03"]
[SourceVersion "1"]
[SourceVersionDate "2019.06.03"]
[SourceQuality "1"]

1. e4 e5 2. Nf3 Nc6 3. Bc4 Bc5 4. c3 Nf6 5. d3 d6 6. h3 a6 7. a4 0-0 8. 0-0 Ba7 9. Na3 Ne7 10. Nc2 Ng6 11. Be3 c6 12. Qe2 Nh5 13. Bxa7 Rxa7 14. Qe3 Ra8 15. d4 Nhf4 16. dxe5 dxe5 17. Rfd1 Qf6 18. Bf1 Be6 19. Rd6 Rad8 20. Rad1 Rxd6 21. Rxd6 Ne7 22. g3 Nc8 23. Rd2 Ng6 24. Nce1 a5 25. Qc5 Rd8 26. Qxa5 Rxd2 27. Nxd2 Qe7 28. Qa8 h6 29. Nc4 Kh7 30. Qa5 Qd8 1/2-1/2

[Event "Commonwealth-ch"]
[Site "New Delhi"]
[Date "2018.07.01"]
[Round "7"]
[White "Mohota, Nisha"]
[Black "Joshi, GB."]
[Result "1/2-1/2"]
[WhiteElo "2265"]
[BlackElo "2078"]
[PlyCount "48"]
[EventDate "2018.06.26"]
[EventType "swiss"]
[EventRounds "9"]
[EventCountry "IND"]
[SourceTitle "CBM 185 Extra"]
[Source "ChessBase"]
[SourceDate "2018.07.29"]
[SourceVersion "1"]
[SourceVersionDate "2018.07.29"]
[SourceQuality "1"]

1. d4 d5 2. c4 e6 3. Nf3 Nf6 4. g3 dxc4 5. Bg2 a6 6. 0-0 Nc6 7. e3 Bd7 8. Qe2 Rb8 9. Qxc4 b5 10. Qe2 Bd6 11. Rd1 0-0 12. e4 e5 13. d5 Ne7 14. b3 Ng6 15. Bb2 Qe7 16. Nc3 b4 17. Nb1 Bb5 18. Qe1 Nd7 19. a4 bxa3 20. Nxa3 Bb4 21. Qe3 Bc5 22. Qe1 Bb4 23. Qe3 Bc5 24. Qe1 Bb4 1/2-1/2

[Event "Commonwealth-ch"]
[Site "New Delhi"]
[Date "2018.06.27"]
[Round "2"]
[White "Joshi, GB."]
[Black "Karthikeyan, Pandian"]
[Result "0-1"]
[WhiteElo "2078"]
[BlackElo "2456"]
[PlyCount "63"]
[EventDate "2018.06.26"]
[EventType "swiss"]
[EventRounds "9"]
[EventCountry "IND"]
[SourceTitle "CBM 185 Extra"]
[Source "ChessBase"]
[SourceDate "2018.07.29"]
[SourceVersion "1"]
[SourceVersionDate "2018.07.29"]
[SourceQuality "1"]

1. e4 c5 2. Nf3 d6 3. Bb5+ Nc6 4. 0-0 Bg4 5. Re1 Qb6 6. Nc3 e6 7. h3 Bh5 8. a4 a6 9. a5 Qc7 10. Bxc6+ Qxc6 11. Nd5 0-0-0 12. Nb6+ Kb8 13. d4 Nf6 14. d5 Qc7 15. Ra3 Nd7 16. Qd3 Be7 17. Bd2 Bf6 18. Nc4 Bxf3 19. Qxf3 Ne5 20. Qe2 Rhe8 21. Rb3 Nxc4 22. Qxc4 Ka7 23. Rd1 exd5 24. exd5 Rd7 25. Rb6 Rde7 26. Qd3 c4 27. Qa3 Bd4 28. Bb4 Bxb6 29. Bxd6 Re1+ 30. Rxe1 Rxe1+ 31. Kh2 Bc5 32. Bxc7 0-1

[Event "Chennai op 9th"]
[Site "Chennai"]
[Date "2017.01.23"]
[Round "8"]
[White "Joshi, GB."]
[Black "Mrudul, Dehankar"]
[Result "1-0"]
[WhiteElo "2149"]
[BlackElo "1923"]
[PlyCount "193"]
[EventDate "2017.01.18"]
[EventType "swiss"]
[EventRounds "10"]
[EventCountry "IND"]
[SourceTitle "CBM 176 Extra"]
[Source "ChessBase"]
[SourceDate "2017.03.02"]
[SourceVersion "1"]
[SourceVersionDate "2017.03.02"]
[SourceQuality "1"]

1. e4 c6 2. d4 d5 3. exd5 cxd5 4. c4 Nf6 5. Nc3 Nc6 6. Nf3 g6 7. Bg5 Be6 8. c5 Bg7 9. Bb5 0-0 10. h3 Qc7 11. 0-0 Rad8 12. Qc1 Ne4 13. Bf4 Qc8 14. Bxc6 bxc6 15. Re1 Bf5 16. Qe3 Qb7 17. Re2 f6 18. g4 Nxc3 19. Qxc3 Bc8 20. Rae1 Rf7 21. Nd2 Qd7 22. f3 Rdf8 23. Kg2 Re8 24. Nb3 e6 25. Bd6 Bf8 26. Bxf8 Rfxf8 27. f4 Qf7 28. Qg3 Bd7 29. Nd2 Bc8 30. Nf3 Kh8 31. Re3 Rg8 32. g5 Rgf8 33. b4 fxg5 34. fxg5 Qf5 35. Qe5+ Kg8 36. Qxf5 Rxf5 37. a4 a6 38. Re5 Rf4 39. R1e3 Bd7 40. Kg3 Ref8 41. Rc3 Kg7 42. h4 Bc8 43. Rd3 Kg8 44. Ree3 Kg7 45. Ne5 Rf1 46. Rf3 R8xf3+ 47. Rxf3 Rxf3+ 48. Kxf3 Bb7 49. Kf4 h6 50. gxh6+ Kxh6 51. Nf7+ Kh5 52. Kg3 Bc8 53. Ne5 Bb7 54. Nf3 Bc8 55. Kf4 Bb7 56. Kg3 Bc8 57. Ne5 Bb7 58. Nd3 g5 59. hxg5 Kxg5 60. Kf3 Kf5 61. Ke3 Ba8 62. Ne5 Bb7 63. Nf7 Ba8 64. Nd6+ Kg4 65. Nf7 Kf5 66. Kf3 Kf6 67. Ne5 Kf5 68. Ng4 Kg5 69. Ne3 Bb7 70. Nf1 Kf5 71. Ng3+ Kg5 72. Nf1 Kf5 73. Ne3+ Kg5 74. Ng4 Ba8 75. Ne5 Kf5 76. Ke3 Bb7 77. Nf7 Ba8 78. Nd6+ Kg4 79. b5 cxb5 80. axb5 axb5 81. Nxb5 Kf5 82. Nd6+ Kg5 83. Nf7+ Kf5 84. Ne5 Bb7 85. c6 Bc8 86. Nf7 Ba6 87. Nd6+ Kf6 88. Kf4 e5+ 89. dxe5+ Ke6 90. Nb7 Ke7 91. Nc5 Bb5 92. c7 Bd7 93. Ke3 Bc8 94. Kd4 Ke8 95. Kxd5 Ke7 96. Kc6 Kf7 97. Kb6 1-0

[Event "Chennai op 9th"]
[Site "Chennai"]
[Date "2017.01.23"]
[Round "7"]
[White "Ravichandran, Siddharth"]
[Black "Joshi, GB."]
[Result "1-0"]
[WhiteElo "2391"]
[BlackElo "2149"]
[PlyCount "81"]
[EventDate "2017.01.18"]
[EventType "swiss"]
[EventRounds "10"]
[EventCountry "IND"]
[SourceTitle "CBM 176 Extra"]
[Source "ChessBase"]
[SourceDate "2017.03.02"]
[SourceVersion "1"]
[SourceVersionDate "2017.03.02"]
[SourceQuality "1"]

1. e4 e5 2. d4 exd4 3. Qxd4 Nc6 4. Qe3 Nf6 5. Nc3 Bb4 6. Bd2 0-0 7. 0-0-0 Re8 8. Qg3 Rxe4 9. a3 Rg4 10. Qe3 Ba5 11. h3 Rd4 12. Nf3 Bxc3 13. Qxc3 Re4 14. Bd3 Re8 15. Bg5 d5 16. Rhe1 Rxe1 17. Rxe1 Be6 18. Bb5 h6 19. Bh4 g5 20. Bxc6 Ne4 21. Qe3 bxc6 22. Bg3 Nxg3 23. fxg3 Qf6 24. Qb3 Rf8 25. Qb7 Bxh3 26. gxh3 Qxf3 27. Qxc7 a5 28. Kb1 d4 29. h4 g4 30. Qd6 h5 31. Qe5 Qd5 32. Qf6 Qd8 33. Re7 d3 34. Qg5+ Kh8 35. Qxh5+ Kg8 36. Qxg4+ Kh8 37. Qh5+ Kg8 38. Qg4+ Kh8 39. Re5 f5 40. Qh5+ Kg7 41. Re6 1-0

[Event "IND-ch Challengers 54th"]
[Site "Noida"]
[Date "2016.07.18"]
[Round "12"]
[White "Akshat, Khamparia"]
[Black "Joshi, GB."]
[Result "1-0"]
[WhiteElo "2363"]
[BlackElo "2123"]
[PlyCount "79"]
[EventDate "2016.07.09"]
[EventType "swiss"]
[EventRounds "13"]
[EventCountry "IND"]
[SourceTitle "CBM 173 Extra"]
[Source "ChessBase"]
[SourceDate "2016.08.29"]
[SourceVersion "1"]
[SourceVersionDate "2016.08.29"]
[SourceQuality "1"]

1. d4 d5 2. Bf4 Nf6 3. e3 e6 4. Nf3 c5 5. c3 Nc6 6. Nbd2 Nh5 7. Bg3 Nxg3 8. hxg3 Qb6 9. Rb1 Be7 10. Bd3 g6 11. Ne5 cxd4 12. exd4 Nxe5 13. dxe5 Bd7 14. Qe2 a6 15. a3 Ba4 16. Nf3 Bb3 17. Qd2 Rc8 18. Ng5 Ba2 19. Nxh7 Bxb1 20. Bxb1 d4 21. Bc2 Rc4 22. Qe2 Qc5 23. Bd3 Ra4 24. c4 Qc7 25. f4 Ra5 26. Kf2 Rc5 27. b4 Rc6 28. c5 Qd7 29. Be4 d3 30. Qxd3 Qxd3 31. Bxd3 Rc7 32. Be4 Kd8 33. Rd1+ Kc8 34. Nf6 Rd8 35. Rxd8+ Kxd8 36. Ke3 b6 37. cxb6 Rc3+ 38. Kd4 Rxa3 39. b7 Kc7 40. Nd7 1-0

[Event "IND-ch Challengers 54th"]
[Site "Noida"]
[Date "2016.07.14"]
[Round "8"]
[White "Akash, G."]
[Black "Joshi, GB."]
[Result "1/2-1/2"]
[WhiteElo "2400"]
[BlackElo "2123"]
[PlyCount "98"]
[EventDate "2016.07.09"]
[EventType "swiss"]
[EventRounds "13"]
[EventCountry "IND"]
[SourceTitle "CBM 173 Extra"]
[Source "ChessBase"]
[SourceDate "2016.08.29"]
[SourceVersion "1"]
[SourceVersionDate "2016.08.29"]
[SourceQuality "1"]

1. b3 c5 2. Bb2 Nf6 3. e3 g6 4. Bxf6 exf6 5. c4 Bg7 6. Nc3 b6 7. Be2 Bb7 8. Bf3 Bc6 9. Bd5 Na6 10. Nge2 Nc7 11. Nf4 f5 12. Qf3 Qf6 13. 0-0 0-0 14. Rad1 Bh6 15. Nfe2 Rad8 16. d4 Bg7 17. dxc5 bxc5 18. Rd2 Ne6 19. Rfd1 Rc8 20. Nb5 a6 21. Nbc3 Rfe8 22. g3 h5 23. h4 Kh7 24. Kg2 Rc7 25. Bxc6 dxc6 26. Rd6 Bf8 27. Rd7 Re7 28. R7d3 Re8 29. Nf4 Kg8 30. Na4 Be7 31. Nxe6 Qxe6 32. Qf4 Rcc8 33. Rd7 Red8 34. Nxc5 Qf6 35. Nxa6 Rxd7 36. Rxd7 Ra8 37. Ra7 Rd8 38. Qc7 Bf8 39. Rb7 Rd2 40. Rb8 Kg7 41. Qc8 Qe7 42. Qxc6 Qxe3 43. Qf3 Qe1 44. Rb5 Rd1 45. Kh3 Rd2 46. Rd5 Rxa2 47. Rd1 Qe5 48. Rd5 Qe1 49. Rd1 Qe5 1/2-1/2

[Event "IND-ch Challengers 53rd"]
[Site "Nagpur"]
[Date "2015.08.18"]
[Round "2"]
[White "Joshi, GB."]
[Black "Girinath, PDS"]
[Result "1/2-1/2"]
[WhiteElo "2098"]
[BlackElo "2338"]
[PlyCount "50"]
[EventDate "2015.08.17"]
[EventType "swiss"]
[EventRounds "13"]
[EventCountry "IND"]
[SourceTitle "EXT 2016"]
[Source "ChessBase"]
[SourceDate "2015.10.08"]
[SourceVersion "1"]
[SourceVersionDate "2015.10.08"]
[SourceQuality "1"]

1. e4 c5 2. c3 e6 3. d4 d5 4. exd5 exd5 5. Nf3 Nc6 6. Bb5 Bd6 7. 0-0 Nge7 8. dxc5 Bxc5 9. Nbd2 0-0 10. Nb3 Bb6 11. Bd3 Qd6 12. Re1 Nf5 13. Bxf5 Bxf5 14. Be3 Rfe8 15. Bxb6 axb6 16. Nfd4 Be4 17. Nb5 Qd7 18. Nd2 Bd3 19. Nd4 Nxd4 20. cxd4 Rxe1+ 21. Qxe1 Re8 22. Qd1 Qb5 23. Nb3 Bc4 24. Qc2 g6 25. Qc3 Re2 1/2-1/2

[Event "New Delhi Parsvnath op 13th"]
[Site "New Delhi"]
[Date "2015.01.15"]
[Round "9"]
[White "Joshi, GB."]
[Black "Abhilash, Reddy ML"]
[Result "1-0"]
[WhiteElo "2100"]
[BlackElo "2251"]
[PlyCount "109"]
[EventDate "2015.01.09"]
[EventType "tourn"]
[EventRounds "10"]
[EventCountry "IND"]
[SourceTitle "CBM 164 Extra"]
[Source "ChessBase"]
[SourceDate "2015.03.02"]
[SourceVersion "1"]
[SourceVersionDate "2015.03.02"]
[SourceQuality "1"]

1. c4 e5 2. g3 Nf6 3. Bg2 d6 4. Nc3 Be7 5. Nf3 0-0 6. d4 Nbd7 7. 0-0 c6 8. Qc2 Qc7 9. Rd1 a6 10. b4 Re8 11. Bb2 Bf8 12. Rac1 h6 13. a3 Nb8 14. c5 exd4 15. cxd6 Bxd6 16. Nxd4 Nbd7 17. Nf5 Bf8 18. Nd5 Nxd5 19. Bxd5 Ne5 20. f4 Ng4 21. Nxg7 Qb6+ 22. Bd4 Qxd4+ 23. Rxd4 Bxg7 24. Re4 Rd8 25. Bb3 Bf5 26. h3 Nf6 27. Re8+ Rxe8 28. Qxf5 Rxe2 29. Bc4 Re3 30. g4 Rd8 31. g5 hxg5 32. fxg5 Nd5 33. Rf1 Re7 34. g6 fxg6 35. Qxg6 Rf8 36. Rxf8+ Kxf8 37. Bxd5 cxd5 38. Qf5+ Ke8 39. Qxd5 Be5 40. Kg2 Bb2 41. a4 Ba3 42. h4 Rg7+ 43. Kf3 Rf7+ 44. Kg4 Bxb4 45. Qe4+ Be7 46. Qxb7 Rf6 47. h5 Kf7 48. Qd7 Kf8 49. Qd5 Kg7 50. Qe4 Bd8 51. Qe8 Bc7 52. Qe7+ Rf7 53. h6+ Kg6 54. Qe6+ Rf6 55. Qg8+ 1-0

[Event "New Delhi Parsvnath op 13th"]
[Site "New Delhi"]
[Date "2015.01.09"]
[Round "1"]
[White "Joshi, GB."]
[Black "Neverov, Valeriy"]
[Result "1/2-1/2"]
[WhiteElo "2100"]
[BlackElo "2501"]
[PlyCount "34"]
[EventDate "2015.01.09"]
[EventType "tourn"]
[EventRounds "10"]
[EventCountry "IND"]
[SourceTitle "CBM 164 Extra"]
[Source "ChessBase"]
[SourceDate "2015.03.02"]
[SourceVersion "1"]
[SourceVersionDate "2015.03.02"]
[SourceQuality "1"]

1. c4 f5 2. Nf3 Nf6 3. g3 g6 4. Bg2 Bg7 5. 0-0 0-0 6. Nc3 d6 7. d4 Qe8 8. d5 Na6 9. Nd4 Bd7 10. Re1 c6 11. e4 fxe4 12. Nxe4 Nxe4 13. Rxe4 Nc5 14. Re2 Bg4 15. f3 Bd7 16. Bg5 Rf7 17. Qd2 cxd5 1/2-1/2

[Event "Chennai op 5th"]
[Site "Chennai"]
[Date "2013.01.20"]
[Round "8"]
[White "Lama, Surbir"]
[Black "Joshi, GB."]
[Result "1/2-1/2"]
[WhiteElo "2086"]
[BlackElo "2266"]
[PlyCount "51"]
[EventDate "2013.01.16"]
[EventType "swiss"]
[EventRounds "11"]
[EventCountry "IND"]
[SourceTitle "CBM 152 Extra"]
[Source "ChessBase"]
[SourceDate "2013.02.25"]
[SourceVersion "1"]
[SourceVersionDate "2013.02.25"]
[SourceQuality "1"]

1. d4 d5 2. c4 c6 3. e3 Nf6 4. Nc3 g6 5. Nf3 Bg7 6. Be2 0-0 7. 0-0 e6 8. b3 Nbd7 9. Bb2 Re8 10. Qc2 b6 11. e4 dxe4 12. Nxe4 Nxe4 13. Qxe4 Bb7 14. Rad1 Qc7 15. Qh4 c5 16. Ba1 Rad8 17. dxc5 bxc5 18. Bxg7 Kxg7 19. Qg5 Bxf3 20. Bxf3 Qe5 21. Qc1 Nf6 22. Rfe1 Qf5 23. Qc3 Rxd1 24. Rxd1 e5 25. h3 h5 26. a3 1/2-1/2

[Event "Visakhapatnam op"]
[Site "Visakhapatnam"]
[Date "2012.11.03"]
[Round "11"]
[White "Joshi, GB."]
[Black "Karthikeyan, Pandian"]
[Result "1/2-1/2"]
[WhiteElo "2226"]
[BlackElo "2401"]
[PlyCount "22"]
[EventDate "2012.10.26"]
[EventType "swiss"]
[EventRounds "11"]
[EventCountry "IND"]
[SourceTitle "EXT 2013"]
[Source "ChessBase"]
[SourceDate "2012.11.22"]
[SourceVersion "1"]
[SourceVersionDate "2012.11.22"]
[SourceQuality "1"]

1. e4 e5 2. Nf3 Nc6 3. Bc4 Bc5 4. d3 Nf6 5. 0-0 d6 6. c3 a6 7. Nbd2 Ba7 8. Bb3 0-0 9. h3 Be6 10. Re1 Re8 11. Nf1 h6 1/2-1/2

[Event "Visakhapatnam op"]
[Site "Visakhapatnam"]
[Date "2012.11.02"]
[Round "10"]
[White "Ziatdinov, Raset"]
[Black "Joshi, GB."]
[Result "0-1"]
[WhiteElo "2384"]
[BlackElo "2226"]
[PlyCount "74"]
[EventDate "2012.10.26"]
[EventType "swiss"]
[EventRounds "11"]
[EventCountry "IND"]
[SourceTitle "EXT 2013"]
[Source "ChessBase"]
[SourceDate "2012.11.22"]
[SourceVersion "1"]
[SourceVersionDate "2012.11.22"]
[SourceQuality "1"]

1. e4 c5 2. Nf3 Nc6 3. d4 cxd4 4. Nxd4 g6 5. Nc3 Bg7 6. Be3 Nf6 7. Bc4 Qa5 8. 0-0 0-0 9. Nb3 Qc7 10. Re1 d6 11. Bf1 Be6 12. Bg5 Rfe8 13. Qd2 a5 14. Bb5 Rec8 15. Rac1 Ne5 16. Nd4 Nc4 17. Nxe6 fxe6 18. Bxc4 Qxc4 19. e5 dxe5 20. Rxe5 Ra6 21. Qe1 Rb6 22. Bd2 Rxb2 23. Rxa5 Kf7 24. h3 Rd8 25. Ra3 Rb6 26. Be3 Rc6 27. Rb3 Rd7 28. Bd2 Rcd6 29. Bg5 Rc6 30. Qe3 Qc5 31. Qg3 h6 32. Be3 Qa5 33. Nb5 Qxa2 34. Nd4 Rxc2 35. Ra1 Rxd4 36. Rxa2 Rd1+ 37. Kh2 Rxa2 0-1

[Event "IND-ch Challengers 50th"]
[Site "Tirupati"]
[Date "2012.05.28"]
[Round "13.19"]
[White "Joshi, GB."]
[Black "Konguvel, Ponnuswamy"]
[Result "0-1"]
[WhiteElo "2228"]
[BlackElo "2361"]
[PlyCount "97"]
[EventDate "2012.05.18"]
[EventType "swiss"]
[EventRounds "13"]
[EventCountry "IND"]
[SourceTitle "CBM 148 Extra"]
[Source "ChessBase"]
[SourceDate "2012.06.22"]
[SourceVersion "1"]
[SourceVersionDate "2012.06.22"]
[SourceQuality "1"]

1. Nf3 Nf6 2. c4 g6 3. Nc3 Bg7 4. g3 0-0 5. Bg2 d5 6. cxd5 Nxd5 7. 0-0 Nc6 8. d4 Bf5 9. Ne5 Nxc3 10. bxc3 Nxe5 11. dxe5 Qxd1 12. Rxd1 Bxe5 13. Bh6 Rfb8 14. Rac1 c6 15. Be3 Rd8 16. Bd4 Bd6 17. a4 Ba3 18. Ra1 Bb2 19. Rab1 Bxb1 20. Rxb1 Ba3 21. Rxb7 Rab8 22. Rxb8 Rxb8 23. Bxc6 Rc8 24. Bb5 Bc5 25. Kg2 f6 26. f4 Kf7 27. Bc4+ e6 28. Ba6 Rc7 29. Kf3 Bxd4 30. cxd4 Rc3+ 31. e3 Ke7 32. Bb5 Kd6 33. h4 a5 34. Be8 Rc8 35. Bb5 Rc2 36. Be8 f5 37. Bb5 Rb2 38. Bd3 Kd5 39. Be2 Rb4 40. Bd1 Kc4 41. Be2+ Kc3 42. Bb5 Kd2 43. Kf2 Rb3 44. Bc6 Rxe3 45. d5 Rc3 46. Bb7 Rc7 47. Ba8 exd5 48. Bxd5 Kc3 49. Bb7 0-1

[Event "IND-chT 32nd"]
[Site "Panaji"]
[Date "2012.03.02"]
[Round "7"]
[White "Swapnil, S Dhopade"]
[Black "Joshi, GB."]
[Result "1-0"]
[WhiteElo "2435"]
[BlackElo "2256"]
[PlyCount "59"]
[EventDate "2012.02.27"]
[EventType "team-swiss"]
[EventRounds "9"]
[EventCountry "IND"]
[SourceTitle "CBM 147 Extra"]
[Source "ChessBase"]
[SourceDate "2012.04.24"]
[SourceVersion "1"]
[SourceVersionDate "2012.04.24"]
[SourceQuality "1"]
[WhiteTeam "Railway Sports"]
[BlackTeam "Air India"]
[WhiteTeamCountry "IND"]
[BlackTeamCountry "IND"]

1. d4 f5 2. c4 e6 3. g3 Nf6 4. Bg2 d5 5. Nf3 c6 6. 0-0 Bd6 7. Nc3 0-0 8. Qc2 Qe7 9. Rb1 Nbd7 10. a3 Ne4 11. b4 a6 12. Bf4 Bxf4 13. gxf4 b5 14. c5 a5 15. e3 Kh8 16. Ne2 Rg8 17. Ne5 Nxe5 18. dxe5 axb4 19. axb4 g5 20. f3 gxf4 21. fxe4 Qg7 22. Nxf4 fxe4 23. Qb2 Ra7 24. Kh1 Qh6 25. Qe2 Rag7 26. Bh3 Rg5 27. Qf2 Bd7 28. Rg1 Re8 29. Rxg5 Qxg5 30. Rg1 1-0

[Event "New Delhi Parsvnath op 10th"]
[Site "New Delhi"]
[Date "2012.01.21"]
[Round "9"]
[White "Neelotpal, Das"]
[Black "Joshi, GB."]
[Result "1-0"]
[WhiteElo "2471"]
[BlackElo "2256"]
[PlyCount "63"]
[EventDate "2012.01.15"]
[EventType "swiss"]
[EventRounds "11"]
[EventCountry "IND"]
[SourceTitle "CBM 146 Extra"]
[Source "ChessBase"]
[SourceDate "2012.02.29"]
[SourceVersion "1"]
[SourceVersionDate "2012.02.29"]
[SourceQuality "1"]

1. d4 d5 2. Nf3 Nf6 3. c4 c6 4. Nc3 g6 5. Bg5 Bg7 6. e3 0-0 7. Qb3 Ne4 8. Bh4 Nxc3 9. bxc3 Re8 10. Bd3 Qa5 11. 0-0 Nd7 12. e4 dxe4 13. Bxe4 Nf6 14. Bd3 c5 15. Rfe1 b6 16. Ne5 Bb7 17. d5 e6 18. d6 Rad8 19. Rad1 Rxd6 20. Bxg6 Red8 21. Bxf7+ Kf8 22. Bxe6 Rxd1 23. Rxd1 Re8 24. Bxf6 Bxf6 25. Nd7+ Kg7 26. Nxf6 Rxe6 27. Nh5+ Kh6 28. Nf4 Re4 29. g3 Qa6 30. Rd6+ Kg7 31. Rd7+ Kf6 32. Qd1 1-0

[Event "New Delhi Parsvnath op 10th"]
[Site "New Delhi"]
[Date "2012.01.20"]
[Round "8"]
[White "Joshi, GB."]
[Black "Gajwa, Ankit"]
[Result "1-0"]
[WhiteElo "2256"]
[BlackElo "1952"]
[PlyCount "63"]
[EventDate "2012.01.15"]
[EventType "swiss"]
[EventRounds "11"]
[EventCountry "IND"]
[SourceTitle "CBM 146 Extra"]
[Source "ChessBase"]
[SourceDate "2012.02.29"]
[SourceVersion "1"]
[SourceVersionDate "2012.02.29"]
[SourceQuality "1"]

1. Nf3 Nf6 2. c4 g6 3. Nc3 Bg7 4. g3 0-0 5. Bg2 d6 6. d4 Nc6 7. 0-0 a6 8. Qd3 Bg4 9. h3 Bd7 10. e4 e5 11. Be3 Qc8 12. Kh2 exd4 13. Nxd4 Ne5 14. Qe2 c5 15. Nc2 b5 16. cxb5 axb5 17. Nxb5 Bxb5 18. Qxb5 Rb8 19. Qa4 Ra8 20. Qb5 Rb8 21. Qe2 Rxb2 22. a4 Qb8 23. Bc1 Rb3 24. Rd1 Re8 25. Kh1 Ned7 26. Bf4 Re6 27. Rd2 Nh5 28. Be3 Nhf6 29. Bf4 Nh5 30. a5 Nxf4 31. gxf4 Rb2 32. Qc4 1-0

[Event "New Delhi Parsvnath op 10th"]
[Site "New Delhi"]
[Date "2012.01.19"]
[Round "7"]
[White "Kravtsiv, Martyn"]
[Black "Joshi, GB."]
[Result "1/2-1/2"]
[WhiteElo "2602"]
[BlackElo "2256"]
[PlyCount "52"]
[EventDate "2012.01.15"]
[EventType "swiss"]
[EventRounds "11"]
[EventCountry "IND"]
[SourceTitle "CBM 146 Extra"]
[Source "ChessBase"]
[SourceDate "2012.02.29"]
[SourceVersion "1"]
[SourceVersionDate "2012.02.29"]
[SourceQuality "1"]

1. e4 c5 2. Nf3 d6 3. d4 cxd4 4. Nxd4 Nf6 5. Nc3 g6 6. Be3 Bg7 7. f3 Nc6 8. Bc4 Bd7 9. Qd2 0-0 10. 0-0-0 Rc8 11. Bb3 Nxd4 12. Bxd4 b5 13. h4 a5 14. h5 a4 15. Bxf6 exf6 16. Bd5 a3 17. hxg6 hxg6 18. Rh6 g5 19. Rg6 f5 20. Rxg5 Qf6 21. exf5 Bxf5 22. Rxg7+ Kxg7 23. Qd4 Qxd4 24. Rxd4 Rh8 25. Bb3 Rh2 26. Rd2 Be6 1/2-1/2

[Event "Mumbai Mayors Cup 4th"]
[Site "Mumbai"]
[Date "2011.09.21"]
[Round "8"]
[White "Laxman, Rajaram"]
[Black "Joshi, GB."]
[Result "1-0"]
[WhiteElo "2451"]
[BlackElo "2254"]
[PlyCount "82"]
[EventDate "2011.09.16"]
[EventType "swiss"]
[EventRounds "11"]
[EventCountry "IND"]
[SourceTitle "CBM 144 Extra"]
[Source "ChessBase"]
[SourceDate "2011.10.28"]
[SourceVersion "1"]
[SourceVersionDate "2011.10.28"]
[SourceQuality "1"]

1. Nf3 d5 2. d4 Nf6 3. c4 e6 4. g3 dxc4 5. Bg2 c6 6. Ne5 Bb4+ 7. Bd2 Be7 8. e3 Nbd7 9. Nxc4 Qc7 10. e4 e5 11. Nc3 0-0 12. dxe5 Nxe5 13. Bf4 Nfg4 14. Nxe5 Nxe5 15. 0-0 Be6 16. Rc1 g5 17. Nd5 Bxd5 18. Bxe5 Qxe5 19. exd5 c5 20. Re1 Qf6 21. Rc4 Bd6 22. Rce4 Rad8 23. Qd2 Kh8 24. h4 Rg8 25. hxg5 Rxg5 26. R1e3 Kg8 27. Qe2 Bf8 28. Rf4 Qg7 29. Qb5 b6 30. Qe2 Bd6 31. Ra4 a5 32. Rae4 Rf8 33. Re8 Qd4 34. R8e4 Qg7 35. Rh4 h6 36. Kh2 Qf6 37. Kg1 Qg7 38. a4 Rg6 39. Rhe4 Rg5 40. Re8 Qd4 41. Qb5 Bxg3 1-0

[Event "Chennai op 3rd"]
[Site "Chennai"]
[Date "2011.01.18"]
[Round "1"]
[White "Joshi, GB."]
[Black "Sundararajan, Kidambi"]
[Result "0-1"]
[WhiteElo "2288"]
[BlackElo "2449"]
[PlyCount "102"]
[EventDate "2011.01.18"]
[EventType "swiss"]
[EventRounds "11"]
[EventCountry "IND"]
[SourceTitle "CBM 140 Extra"]
[Source "ChessBase"]
[SourceDate "2011.03.01"]
[SourceVersion "1"]
[SourceVersionDate "2011.03.01"]
[SourceQuality "1"]

1. c4 c6 2. e4 d5 3. exd5 cxd5 4. d4 Nf6 5. Nc3 e6 6. Nf3 Bb4 7. cxd5 Nxd5 8. Qc2 Nc6 9. Be2 0-0 10. 0-0 Re8 11. Rd1 Qb6 12. Bc4 Rd8 13. Be3 Bf8 14. Qb3 Qxb3 15. Bxb3 Nxe3 16. fxe3 Na5 17. Nd2 Nxb3 18. Nxb3 Bd7 19. Rac1 a5 20. Kf2 a4 21. Nc5 Bc6 22. a3 g6 23. Na2 e5 24. Nb4 exd4 25. exd4 Bd5 26. Rc2 b6 27. Nxd5 Rxd5 28. Ne4 Bg7 29. g3 Rad8 30. Kf3 h5 31. h4 b5 32. Rc7 Bxd4 33. Nc3 Rf5+ 34. Ke4 Re5+ 35. Kf4 Ree8 36. Rb7 Be5+ 37. Kf3 Bxc3 38. Rxd8 Rxd8 39. bxc3 Rd3+ 40. Kf4 Rxc3 41. Rxb5 Rxa3 42. Ra5 Kf8 43. Ra7 Ke8 44. Ra8+ Ke7 45. Ra7+ Ke6 46. Ra6+ Kd5 47. Rf6 Ra1 48. Kg5 a3 49. Rxf7 Rg1 50. Kxg6 a2 51. Ra7 a1Q 0-1

[Event "IND-ch 48th"]
[Site "New Delhi"]
[Date "2010.12.21"]
[Round "12"]
[White "Anilkumar, OT."]
[Black "Joshi, GB."]
[Result "1-0"]
[WhiteElo "2289"]
[BlackElo "2292"]
[PlyCount "76"]
[EventDate "2010.12.09"]
[EventType "swiss"]
[EventRounds "13"]
[EventCountry "IND"]
[SourceTitle "CBM 139 Extra"]
[Source "ChessBase"]
[SourceDate "2011.01.05"]
[SourceVersion "1"]
[SourceVersionDate "2011.01.05"]
[SourceQuality "1"]

1. d4 d5 2. Nc3 Nf6 3. Bg5 Nbd7 4. e3 e6 5. Nf3 Be7 6. Bd3 c5 7. 0-0 a6 8. dxc5 Nxc5 9. Re1 0-0 10. Bf1 b5 11. Ne2 Bb7 12. c3 Rc8 13. h3 Nfe4 14. Bxe7 Qxe7 15. Nf4 Rfd8 16. Nd3 Na4 17. Rc1 Rc7 18. Nd2 e5 19. Nb3 Nb6 20. Qe2 Nc4 21. Red1 Rd6 22. f3 Ng3 23. Qf2 Rg6 24. Nd2 Nd6 25. b4 Bc8 26. Kh2 Ndf5 27. Nc5 Nh4 28. Bd3 e4 29. fxe4 Nxe4 30. Bxe4 dxe4 31. Rg1 f5 32. Ndb3 Rd6 33. Qg3 g5 34. Rcd1 Rcc6 35. Nd4 Rb6 36. Rd2 Ng6 37. Rf1 Rd5 38. Kh1 Kh8 1-0